000 02454nam0a2200421 4500
001 RU\NLR\bibl\729451
005 20260406063718.0
010 _a5-352-00878-9
_95000
021 _aRU
_b2004-55282
_92719
035 _aRSL-KNO-002467938
035 _a(NLR Aleph) 000719428
090 _a693559
_c693559
100 _a20040913d2004 |||y0rusy50 ca
101 1 _arus
_cgrc
102 _aRU
105 _ay |||||||||
106 _ar
200 1 _aДеяния Иисуса
_eпарафраза Святого Евангелия от Иоанна
_fНонн из Хмима
_g[пер. с древнегреч. Ю.А, Голубца и др.]
210 _aСПб.
_cАзбука-классика
_d2004
_gГПП Печ. Двор
215 _a284, [2] с.
_d18
225 1 _aАзбука-классика
600 0 _aНонн Панополитанский
_f4 - 5вв.
_91767934
_3RU\NLR\auth\66793609
605 _aБиблия
_iНовый Завет
_iЕвангелие от Иоанна
_92079115
_3RU\NLR\auth\661254988
610 0 _aФилологические науки. Художественная литература -- Мировая литература -- Литература древнего мира -- Греческая литература -- Римский период греческой литературы (кон. 1 в. до н.э. - 5 в. н.э.) -- Произведения античной литературы
610 0 _aРелигия -- Христианство -- Библия -- Новый Завет -- Тексты Нового Завета. Исследование, критика и толкование текстов Нового Завета -- Тексты и исследование текстов отдельных книг Нового Завета -- Канонические книги Нового Завета -- Евангелия (Четвероевангелие) -- Евангелие от Иоанна
686 _aШ5(0)335-6
_2rubbk
686 _aЭ37-220.911.34,0
_2rubbk
686 _aЭ37-220.911.34
686 _aШ5(0)335-4Нонн
700 0 _4070
_8rus
_7ca
_aНонн Панополитанский
_f4-5 вв.
_3RU\NLR\auth\7713678
_9123362
801 0 _aRU
_bRuMoRKP
_c20040913
_grcr
801 1 _aRU
_bRuMoRGB
_c20040913
801 2 _aRU
_bNLR
_c20050225
_gPSBO
942 _cBOOK
980 _aNB